000 00633nam a2200205Ia 4500
008 191130s2001##################000#0#eng##
020 _a9788131709108
022 _a63703
040 _aACL
_cACL
082 _a621.382 MOL
245 _aWideband wireless digital communications
_cAndreas F. Molisch, editor
260 _aUpper Saddle River, NJ
_bPearson
_c2001
300 _axvi, 549 p. : ill. ; 25 cm
500 _aIncludes bibliographical references and index
650 _aWireless communication systems
700 _aMolisch, Andreas F
990 _a471aa024ac10000c298e746b364d1ee6
991 _a161799
999 _c96333
_d96333